000 00819cab a22002175a 4500
001 L157672
008 130226e20130216xxk 000 0 eng d
035 _a(Sirsi) u157672
041 0 _aeng
050 _a346.410435 $2 18
100 1 _aLloyd, Nick
245 0 0 _aHow do you solve the problem of rights of light?
260 _c2013
490 _aEstates Gazette
_v(1307) 16 February 2013, 90-92(3)
520 _aConsiders current law and practice concerning rights of light. Notes the publication of the Law Commission's consultation on this subject and argues that this should allow for a full debate about the future of rights of light and lead to long overdue change.
590 _aKA
651 4 _aEngland and Wales
_y1543-
690 _aRights of light
_96267
700 1 _aFancourt, Timothy
942 _n0
999 _c84428
_d84428